| 000 | 01242nam a2200409 c 4500 | ||
|---|---|---|---|
| 999 |
_c49550 _d49550 |
||
| 001 | 49550 | ||
| 003 | ES-MaCES | ||
| 005 | 20170613140506.0 | ||
| 008 | 170613s2017 sp ||||| 00| | spa d | ||
| 017 |
_aB 9370-2017 _bDL |
||
| 020 | _a9788499426105 | ||
| 040 |
_aES-MaCES _bspa _cES-MaCES |
||
| 100 | 1 |
_aCarrasco, Sansón _938281 |
|
| 245 | 1 | 0 |
_aContra el capitalismo clientelar _b: O por qué es más eficiente un mercado en el que se respeten las reglas de juego _cSansón Carrasco |
| 250 | _a1ª ed | ||
| 260 |
_aBarcelona _bEdiciones Peninsula _c2017 |
||
| 300 |
_a362 p. _c23 cm |
||
| 490 | 1 | _aAtalaya | |
| 541 | _cCompra | ||
| 650 | 4 |
_acapitalismo _927116 |
|
| 650 | 4 |
_anegocios _928176 |
|
| 650 | 4 |
_aempresa _928178 |
|
| 650 | 4 |
_asector financiero _930761 |
|
| 650 | 4 |
_aprensa _927880 |
|
| 650 | 4 |
_agrupo de intereses _927235 |
|
| 650 | 4 |
_acorrupción _929365 |
|
| 650 | 4 |
_apoder político _927200 |
|
| 650 | 4 |
_apoder empresarial _930600 |
|
| 650 | 4 |
_atoma de decisiones _928194 |
|
| 650 | 4 |
_ademocracia _927175 |
|
| 650 | 4 |
_aproblema político _927244 |
|
| 650 | 4 |
_926964 _aEspaña |
|
| 653 | 1 | 0 | _aEconomía |
| 830 | 0 |
_aAtalaya (Ediciones Península) _934339 |
|
| 902 | _aLIB Libro | ||
| 942 |
_2CES _cBK _h0.0. |
||